ბათუმის შოთა რუსთაველის სახელმწიფო უნივერსიტეტის ბიბლიოთეკა

American literature / (ბიბ.ჩანაწერი № 57404)

000 -LEADER
fixed length control field 00642cam a2200205 a 4500
001 - CONTROL NUMBER
control field 13273745
005 - DATE AND TIME OF LATEST TRANSACTION
control field 20220928162400.0
008 - FIXED-LENGTH DATA ELEMENTS--GENERAL INFORMATION
fixed length control field 030714s2004 nyub b 001 0 eng
020 ## - INTERNATIONAL STANDARD BOOK NUMBER
International Standard Book Number 0321116232 (v. 1)
020 ## - INTERNATIONAL STANDARD BOOK NUMBER
International Standard Book Number 0321116240 (v. 2)
020 ## - INTERNATIONAL STANDARD BOOK NUMBER
International Standard Book Number 9780321116246
041 ## - LANGUAGE CODE
Language code of text/sound track or separate title eng
080 ## - UNIVERSAL DECIMAL CLASSIFICATION NUMBER
Universal Decimal Classification number 821.111(73) A-39
245 00 - TITLE STATEMENT
Title American literature /
Statement of responsibility, etc. edited by William E. Cain.
264 ## - PRODUCTION, PUBLICATION, DISTRIBUTION, MANUFACTURE, AND COPYRIGHT NOTICE
Place of production, publication, distribution, manufacture New York :
Name of producer, publisher, distributor, manufacturer Penguin Academics ;
Date of production, publication, distribution, manufacture, or copyright notice 2004.
300 ## - PHYSICAL DESCRIPTION
Extent 1584 p.:
Other physical details map ;
Dimensions 22 cm.
653 ## - INDEX TERM--UNCONTROLLED
keyword ამერიკული ლიტერატურა
700 1# - ADDED ENTRY--PERSONAL NAME
Personal name Cain, William E.,
Dates associated with a name
Relator term რედაქტორი
9 (RLIN) 8456
942 ## - ADDED ENTRY ELEMENTS (KOHA)
Source of classification or shelving scheme
Koha item type წიგნი
ეგზემპლარები
Withdrawn status Lost status Source of classification or shelving scheme Damaged status Not for loan Permanent Location Current Location Shelving location Date acquired Cost, normal purchase price Full call number Barcode Date last seen Copy number Price effective from Koha item type Public note
          ბათუმის შოთა რუსთაველის სახელმწიფო უნივერსიტეტის მთავარი ბიბლიოთეკა ბათუმის შოთა რუსთაველის სახელმწიფო უნივერსიტეტის მთავარი ბიბლიოთეკა წიგნსაცავი 2020-06-17 99.00 821.111(73) A - 46 60600 2020-06-17 60600 2020-06-17 წიგნი 99 ლ.